Lebron James AKA Glorious Snookebussums Quiz - Statistics

General Stats
  • This quiz has been taken 799 times
  • The average score is 8 of 15
Answer Stats
Hint Answer % Correct
How many LeSperms are there? 3
96%
In what year was Lebron Raymone James, bringer of sunshine and rainbows born? 1984
91%
What color are Lebron's eyes? Brown
90%
How many rings does Bronald have? 4
82%
Is Lebron's hairline receding? NO
82%
What size are his feet? 15
80%
Who's layup did goat James famously block in Game 7 of the NBA Finals? Andre Iguodala
67%
What football club does Bron Bron partially own? Liverpool FC
61%
What city does The King own? (Apart from cleveland) Toronto
42%
Who is the main proprietor of LeMeat? Savannah James
37%
What is the significance of Tuesday to our saviour? Tacos
37%
Which blastering blubbering imbecile allegedly had intimate relations with LeMom? Delonte West
16%
Who was LeBonBon's biggest opp on the court? (pacers player) Lance Stevenson
11%
What book was Lebron James reading when the media falsely claimed that he was simply on the first page? The Autobiography of Malcolm X
6%
In what hospital was he born in? Summa Akron City Hospital
3%
No matching quizzes found
Score Distribution
Percent of People with Each Score
Percentile by Number Answered
Your Score History
You have not taken this quiz